Cancionero de Lope de Stúñiga (Record no. 182701)
[ view plain ]
| 000 -LEADER | |
|---|---|
| campo de control de longitud fija | 01299nam a2200289 i 4500 |
| 001 - NÚMERO DE CONTROL | |
| campo de control | 182701 |
| 003 - IDENTIFICADOR DE NÚMERO DE CONTROL | |
| campo de control | ES-MaACL |
| 005 - FECHA Y HORA DE LA ÚLTIMA TRANSACCIÓN | |
| campo de control | 20250824202555.0 |
| 007 - CAMPO FIJO DE DESCRIPCIÓN FÍSICA--INFORMACIÓN GENERAL | |
| campo de control de longitud fija | qu |
| 008 - DATOS DE LONGITUD FIJA--INFORMACIÓN GENERAL | |
| campo de control de longitud fija | 131010s1872 sp |||| | spa d |
| 080 ## - NÚMERO DE LA CLASIFICACIÓN DECIMAL UNIVERSAL | |
| Número de la Clasificación Decimal Universal | 821.134.2-1"14" |
| 130 0# - ENTRADA PRINCIPAL--TÍTULO UNIFORME | |
| Título uniforme | Cancionero de Stúñiga. |
| 9 (RLIN) | 153645 |
| 245 10 - MENCIÓN DEL TÍTULO | |
| Título | Cancionero de Lope de Stúñiga |
| Resto del título | : códice del siglo XV ahora por primera vez publicado. |
| 260 ## - PUBLICACIÓN, DISTRIBUCIÓN, ETC. | |
| Lugar de publicación, distribución, etc. | Madrid : |
| Nombre del editor, distribuidor, etc. | Imp. y estereotipia de M. Rivadeneyra, |
| Fecha de publicación, distribución, etc. | 1872. |
| 300 ## - DESCRIPCIÓN FÍSICA | |
| Extensión | XLII, 483 p. : |
| Otras características físicas | facs. ; |
| Dimensiones | 18 cm. |
| 490 1# - MENCIÓN DE SERIE | |
| Mención de serie | Colección de libros españoles raros o curiosos ; |
| Designación de volumen o secuencia | t. 4 |
| 500 ## - NOTA GENERAL | |
| Nota general | En cub.: "Véndese en la Librería de Durán, Carrera de San Jerónimo" |
| 504 ## - NOTA DE BIBLIOGRAFÍA, ETC. | |
| Nota de bibliografía, etc. | Notas bibliográficas: p. 405-460. |
| 530 ## - NOTA DISPONIBLE DE FORMULARIO FÍSICO ADICIONAL | |
| Nota de formato físico adicional disponible | Disponible en formato digital. |
| 581 8# - NOTA DE PUBLICACIONES SOBRE LOS MATERIALES DESCRITOS | |
| Nota de publicaciones sobre los materiales descritos | Recopilación de poesías de los trovadores que acompañaron a Alfonso V de Aragón a la corte de Nápoles. |
| 597 ## - NOTA DE DESCRIPCIÓN FÍSICA | |
| NOTA DE DESCRIPCIÓN FÍSICA | Reprod. facsímil del poema Montanna de dyamantes de Johan de Tapia. |
| 650 #4 - PUNTO DE ACCESO ADICIONAL DE MATERIA--TÉRMINO DE MATERIA | |
| Término de materia o nombre geográfico como elemento de entrada | Poesías españolas- |
| Subdivisión cronológica | Hasta S.XV. |
| 9 (RLIN) | 152332 |
| 830 00 - PUNTO DE ACCESO ADICIONAL DE SERIE-TÍTULO UNIFORME | |
| Título uniforme | Colección de libros españoles raros o curiosos |
| Designación de volumen o secuencia | t. 4 |
| 9 (RLIN) | 187911 |
| 852 ## - LOCALIZACIÓN | |
| Ubicación | ES-MaACL |
| Número de control de estantería | R-2170-91.Olim: G-13953. |
| 856 ## - LOCALIZACIÓN Y ACCESO ELECTRÓNICOS | |
| Identificador Uniforme de Recursos | <a href="https://archive.org/details/cancionerodelop00stgoog/page/n9 ">https://archive.org/details/cancionerodelop00stgoog/page/n9 </a> |
| Nota pública | Internet Archive |
| Estatus retirado | Estado de pérdida | Estado de daño | No para préstamo | Colección | Biblioteca de origen | Biblioteca actual | Ubicación en estantería | Fecha de adquisición | Fuente de adquisición | Total de préstamos | Signatura topográfica completa | Código de barras | Visto por última vez | Precio de reemplazo | Tipo de ítem Koha |
|---|---|---|---|---|---|---|---|---|---|---|---|---|---|---|---|
| Colección digital | Biblioteca del Ateneo de Madrid | Biblioteca del Ateneo de Madrid | Depósito | 10/10/2013 | R-2170-91 | 1192002 | 23/02/2023 | 23/02/2023 | Libro impreso antiguo |
